| 000 | 00766nam a22002297a 4500 | ||
|---|---|---|---|
| 005 | 20170123162353.0 | ||
| 010 | _aA-835198 | ||
| 020 | _c75.00 | ||
| 035 | _aA-835198 | ||
| 037 | _bCen Lib / Ret | ||
| 040 |
_aDPL _bUR |
||
| 082 |
_a615.54 _bق ر ے |
||
| 100 |
_aقریشی، احتشام الحق _9115945 |
||
| 245 |
_a/ مقدمہ علم الادویہ _cاحتشام الحق قریشی |
||
| 246 |
_aMuqadma ilm-aladoiya / _bby Aehtasham-al Haq Qureshi |
||
| 260 |
_aنئی دہلی _bاعجاز پبلشنگ ہاؤس _c1995 |
||
| 270 |
_aدریا گنج _bنئی دہلی |
||
| 300 |
_a312p. _c21cm (Hb) |
||
| 650 |
_aمیڈیکل ساینس _9646 |
||
| 650 |
_aMedical Science _9137597 |
||
| 942 |
_2ddc _cUR _h615.54 _mق ر ے |
||
| 999 |
_c109385 _d109385 |
||